Sortimentskatalog Sodom : ein buchladen für alle schwulen männer und frauen /

Enregistré dans:
Détails bibliographiques
Autres auteurs: Frick, Otto, Schmitt, Theo, Wiedemann, Toni
Format: Livre
Langue:allemand
Publié: Munchen : Sodom, [1984]
Tags: Ajouter un tag
Pas de tags, Soyez le premier à ajouter un tag!

MARC

LEADER 00000nam a22000007i 4500
001 IT\ICCU\UBO\4522290
003 ItRI
005 20260123234007.0
008 210427s1984 gw |||||| ||||| |||||c
040 |b ita  |c ct 
041 7 |a ger  |2 ISO-639-2 
245 0 0 |a Sortimentskatalog Sodom :  |b ein buchladen für alle schwulen männer und frauen /  |c Otto Frick, Theo Schmitt, Toni Wiedemann. 
260 |a Munchen :  |b Sodom,  |c  [1984] 
300 |a 74 p. :  |b ill. ;  |c 21  
500 |a Titolo della copertina 
700 1 |a Frick, Otto  |0 IT\ICCU\TSAV\152361 
700 1 |a Schmitt, Theo  |0 IT\ICCU\UBOV\037892 
700 1 |a Wiedemann, Toni  |0 IT\ICCU\UBOV\037896 
942 |2 ddc  |c BK 
952 |0 0  |1 0  |2 ddc  |4 0  |7 0  |9 5905  |a MI  |b MI  |d 1987-08-08  |i 493  |l 0  |p CDOM493  |r 2025-07-13 16:28:00  |w 2025-07-13  |x SCAMBIO INTERBIBLIOTECARIO  |y BK 
952 |0 0  |1 0  |4 0  |6 DOC_017_800000000000000_FRI  |7 0  |9 25575  |a BO  |b BO  |d 2026-01-15  |i 700  |l 0  |o DOC 017.8 FRI  |p BO700  |r 2026-01-15 23:24:27  |w 2026-01-15  |x [Sebina 7] [1 v.]  |y BK  |z 1 v. 
981 1 |6 z01  |a i   |b xxxe  
982 1 |6 z01  |a n 
999 |c 4714  |d 4714